000
00415nam a2200133Ia 4500
008
100328s9999 xx 000 0 und d
082
_b
64647
100
_a
राजे प्रभा चंद्रकांत.
245
_a
स्वप्न सुंदरी.
260
_b
Sheth.
630
_a
स्वप्न सुंदरी.
730
_a
स्वप्न सुंदरी.
942
_c
BOOK
999
_c
550423
_d
550420